00605nam a2200169 a 4500008004100000020001800041050001600059100002700075245013500102260004800237300001300285490003800298650001900336650002900355650002900384700002200413200720s2018 ||||||||||||||||| || u a9781108727693 aHD 58.7 Hof aJennings, P. Devereaux10aRe-engaging with sustainability in the Anthropocene era : an institutional approachcBy Andre J. Hoffman and P. Devereaux Jennings aCambridgebCambridge University Pressc2018 a93 pages aElements in organizational theory 0aSUSTAINABILITY aORGANISATIONAL SOCIOLOGY aORGANISATIONAL BEHAVIOUR aHoffman, Andrew J